000 00351nam a2200109Ia 4500
008 171211s9999 xx 000 0 und d
245 _aEnabling Programmable Self with HealthVault
245 _cVaibhav Bhandari
260 _c2012
650 _xIT eBOOKS
856 _uhttp://down.ebook777.com/020/Enabling%20Programmable%20Self%20with%20HealthVault.pdf
999 _c349834
_d349834